Differential function fields and moduli of algebraic varieties
Αποθηκεύτηκε σε:
| Κύριος συγγραφέας: | |
|---|---|
| Μορφή: | Βιβλίο |
| Γλώσσα: | English |
| Δημοσίευση: |
Berlin :
Springer-Verlag,
c1986
|
| Σειρά: | Lecture notes in mathematics (Springer-Verlag)
; 1226 |
| Θέματα: | |
| Ετικέτες: |
Προσθήκη ετικέτας
Δεν υπάρχουν, Καταχωρήστε ετικέτα πρώτοι!
|
MARC
| LEADER | 00000nam a2200000 i 4500 | ||
|---|---|---|---|
| 001 | 1/64533 | ||
| 008 | 941103s1986 eng d | ||
| 020 | |a 3-540-17194-0 | ||
| 035 | |a 1993 |l 10046981 | ||
| 040 | |a GR-MY-UA |b gre |e aacr | ||
| 041 | 0 | |a eng | |
| 082 | 0 | |a 512.56 | |
| 100 | 1 | |a Buium, Alexandru |d 1955- | |
| 245 | 1 | 0 | |a Differential function fields and moduli of algebraic varieties / |c Alexandru Buium |
| 260 | |a Berlin : |b Springer-Verlag, |c c1986 | ||
| 300 | |a vii, 146 p.; |c 25 cm. | ||
| 490 | 1 | |a Lecture notes in mathematics (Springer-Verlag) |v ; 1226 | |
| 500 | |a Includes bibliographical references | ||
| 650 | 0 | 0 | |a Differential algebra. |
| 650 | 0 | 0 | |a Galois theory. |
| 650 | 0 | 0 | |a Algebraic varieties. |
| 650 | 0 | 0 | |a Moduli theory. |
| 830 | 0 | |a Lecture notes in mathematics (Springer-Verlag) |v ; 1226 | |
| 852 | |a INST |b SAMOS |e 19941103 |h 512.56 BUI |p 005300007975 |q 005300007975 |t BK |y 0 | ||
| 909 | |a Σ |b 029081 | ||